|
|
|
|
| LEADER |
01351nam a2200349Ia 4500 |
| 001 |
EBC631712 |
| 003 |
MiAaPQ |
| 005 |
20200520144314.0 |
| 006 |
m o d | |
| 007 |
cr cn||||||||| |
| 008 |
090828s2008 ph a sb i000 0 eng d |
| 020 |
|
|
|z 9789290614029
|
| 020 |
|
|
|z 9290614021
|
| 035 |
|
|
|a (MiAaPQ)EBC631712
|
| 035 |
|
|
|a (Au-PeEL)EBL631712
|
| 035 |
|
|
|a (CaPaEBR)ebr10438041
|
| 035 |
|
|
|a (CaONFJC)MIL294469
|
| 035 |
|
|
|a (OCoLC)696615482
|
| 040 |
|
|
|a MiAaPQ
|c MiAaPQ
|d MiAaPQ
|
| 050 |
|
4 |
|a RA591
|b .W67 2008
|
| 110 |
2 |
|
|a World Health Organization.
|b Regional Office for the Western Pacific.
|
| 245 |
1 |
0 |
|a Training workbook on water safety plans for urban systems
|h [electronic resource].
|
| 260 |
|
|
|a Manila, Philippines :
|b World Health Organization, Western Pacific Region,
|c c2008.
|
| 300 |
|
|
|a x, 78 p. :
|b ill.
|
| 504 |
|
|
|a Includes bibliographical references.
|
| 533 |
|
|
|a Electronic reproduction. Ann Arbor, MI : ProQuest, 2015. Available via World Wide Web. Access may be limited to ProQuest affiliated libraries.
|
| 650 |
|
0 |
|a Drinking water.
|
| 650 |
|
0 |
|a Drinking water
|x Standards.
|
| 650 |
|
0 |
|a Drinking water
|x Standards
|v Handbooks, manuals, etc.
|
| 655 |
|
4 |
|a Electronic books.
|
| 710 |
2 |
|
|a ProQuest (Firm)
|
| 856 |
4 |
0 |
|u https://ebookcentral.proquest.com/lib/matrademy/detail.action?docID=631712
|z Click to View
|